| 000 | 01356cam a22003735a 4500 | ||
|---|---|---|---|
| 001 | 016087395 | ||
| 003 | EG-ScBUE | ||
| 005 | 20220911111831.0 | ||
| 008 | 120510t2012 gw a f b 001 0deng d | ||
| 020 | _a9783836541145 (hbk.) | ||
| 040 |
_aStDuBDS _beng _erda _cStDuBDS _dEG-ScBUE |
||
| 041 | 1 |
_aeng _hger |
|
| 082 | 0 | 4 |
_a709.04 _bART _222 |
| 245 | 0 | 0 |
_aArt of the 20th century. _npart 1 / _cRuhrberg [and three others] ; edited by Ingo F. Walther. |
| 246 | 3 | _aArt of the twentieth century | |
| 246 | 3 | 4 |
_aArt of the 20th century : _bpainting, sculpture, new media and photography |
| 264 | 1 |
_aKöln : _bTaschen GmbH, _c[2012] |
|
| 264 | 4 | _cc2012 | |
| 300 |
_a840 pages : _billustrations (some color) ; _c32 cm |
||
| 336 |
_2rdacontent _atext _btxt |
||
| 337 |
_2rdamedia _aunmediated _bn |
||
| 338 |
_2rdacarrier _avolume _bnc |
||
| 504 | _aIncludes bibliographical references and index. | ||
| 546 | _aText in English ; translated from the original German. | ||
| 650 | 7 |
_aArt, Modern _y20th century _xHistory. _2BUEsh |
|
| 650 | 7 |
_aArtists _vBiography _2BUEsh |
|
| 650 | 7 |
_aPainting, Modern _y20th century _xHistory. _2BUEsh |
|
| 651 | _2BUEsh | ||
| 653 |
_bCOMAME _cJune2015 _cSeptember2015 |
||
| 655 |
_vReading book _934232 |
||
| 700 | 1 |
_aRuhrberg, Karl, _eauthor. |
|
| 700 | 1 |
_aWalther, Ingo F., _eeditor. _937252 |
|
| 942 |
_2ddc _k709.04 ART _cBB |
||
| 999 |
_c19954 _d19926 |
||